<?xml version="1.0" encoding="UTF-8"?>
<resp>
  <nextPage>https://data.bn.org.pl/api/networks/bibs.marcxml?marc=001+b1000000473810&amp;sinceId=1000000473811</nextPage>
  <collection>
    <record xmlns='http://www.loc.gov/MARC21/slim'><leader>01969nam a2200517 i 4500</leader><controlfield tag='001'>b1000000473810</controlfield><controlfield tag='005'>20260509085736.6</controlfield><controlfield tag='008'>191218s1894    un           |000 0 pol c</controlfield><controlfield tag='009'>9911300662305606</controlfield><datafield ind1=' ' ind2=' ' tag='035'><subfield code='a'>(PL)b1000000473810</subfield></datafield><datafield ind1=' ' ind2=' ' tag='040'><subfield code='a'>KR U</subfield><subfield code='c'>KR U</subfield><subfield code='d'>MBK</subfield><subfield code='d'>KR U</subfield><subfield code='d'>WA N</subfield><subfield code='d'>KR U</subfield><subfield code='d'>WA N</subfield></datafield><datafield ind1='1' ind2=' ' tag='041'><subfield code='a'>pol</subfield><subfield code='h'>ita</subfield></datafield><datafield ind1=' ' ind2=' ' tag='046'><subfield code='k'>1894</subfield></datafield><datafield ind1='1' ind2=' ' tag='100'><subfield code='a'>Ruggeri, Domenico</subfield><subfield code='d'>(1815-1896)</subfield><subfield code='e'>Autor</subfield></datafield><datafield ind1='1' ind2='0' tag='245'><subfield code='a'>Żywot św. Antoniego z Padwy /</subfield><subfield code='c'>napisany po włosku przez Dominika Ruggeri ; przełożył na język polski Jan Warchał ; wydany przez krakowski Konwent oo. Franciszkanów. Z dodatkiem Nowenny do Świętego</subfield></datafield><datafield ind1=' ' ind2=' ' tag='260'><subfield code='a'>Kraków :</subfield><subfield code='b'>Konwent OO. Franciszkanów,</subfield><subfield code='c'>1894</subfield><subfield code='e'>(Lwów :</subfield><subfield code='e'>czcionkami Drukarni Ludowej).</subfield></datafield><datafield ind1=' ' ind2=' ' tag='300'><subfield code='a'>[2], 298 stron ;</subfield><subfield code='c'>16 cm.</subfield></datafield><datafield ind1=' ' ind2=' ' tag='336'><subfield code='a'>Tekst</subfield><subfield code='b'>txt</subfield><subfield code='2'>rdacontent</subfield></datafield><datafield ind1=' ' ind2=' ' tag='337'><subfield code='a'>Bez urządzenia pośredniczącego</subfield><subfield code='b'>n</subfield><subfield code='2'>rdamedia</subfield></datafield><datafield ind1=' ' ind2=' ' tag='338'><subfield code='a'>Wolumin</subfield><subfield code='b'>nc</subfield><subfield code='2'>rdacarrier</subfield></datafield><datafield ind1=' ' ind2=' ' tag='380'><subfield code='a'>Książki</subfield></datafield><datafield ind1=' ' ind2=' ' tag='380'><subfield code='a'>Publikacje religijne</subfield></datafield><datafield ind1='1' ind2=' ' tag='388'><subfield code='a'>1801-1900</subfield></datafield><datafield ind1='4' ind2=' ' tag='510'><subfield code='a'>Estr. 1881/1900,</subfield><subfield code='c'>t. 4, s. 87</subfield></datafield><datafield ind1=' ' ind2=' ' tag='546'><subfield code='a'>Tłumaczenie z języka włoskiego.</subfield></datafield><datafield ind1='0' ind2='7' tag='600'><subfield code='a'>Antoni z Padwy</subfield><subfield code='c'>(święty ;</subfield><subfield code='d'>1195-1231)</subfield><subfield code='2'>DBN</subfield></datafield><datafield ind1=' ' ind2='7' tag='655'><subfield code='a'>Biografia</subfield><subfield code='2'>DBN</subfield></datafield><datafield ind1=' ' ind2=' ' tag='658'><subfield code='a'>Religia i duchowość</subfield></datafield><datafield ind1='1' ind2=' ' tag='700'><subfield code='a'>Warchał, Jan</subfield><subfield code='e'>Tłumacz</subfield></datafield><datafield ind1='2' ind2=' ' tag='710'><subfield code='a'>Prowincja Krakowska (Franciszkanie Konwentualni)</subfield><subfield code='e'>Wydawca</subfield><subfield code='4'>pbl</subfield></datafield><datafield ind1='2' ind2=' ' tag='710'><subfield code='a'>Drukarnia Ludowa (Lwów)</subfield><subfield code='e'>Druk</subfield><subfield code='4'>prt</subfield></datafield><datafield ind1=' ' ind2=' ' tag='852'><subfield code='b'>48OMNIS_NETWORK</subfield><subfield code='8'>9911300662305606</subfield></datafield><datafield ind1=' ' ind2=' ' tag='852'><subfield code='b'>48OMNIS_UJA</subfield><subfield code='8'>991016556369305067</subfield></datafield><datafield ind1=' ' ind2=' ' tag='852'><subfield code='8'>22553830390005067</subfield><subfield code='j'>1</subfield><subfield code='h'>42427 I</subfield><subfield code='b'>BJ</subfield><subfield code='p'>1002342509</subfield><subfield code='c'>BJ_MAG</subfield></datafield></record>
  </collection>
</resp>
